000 00806nam a22001577a 4500
005 20260623154704.0
020 _a9789462704503
082 _a350
245 _aFutures for the public sector
260 _aLeuven
_bLeuven University Press
_c2025
300 _a398p.
504 _aIncludes bibliographical references
520 _aIn this book, leading Public Administration scholars reflect on major trends in the public sector and their implications. They offer visions of how the academic field of Public Administration can respond to or anticipate possible futures. Ideal for policymakers, academics, and anyone invested in the future of governance, this compelling work reflects on how the forces transforming our world will impact the public sector.
650 _aPublic administration
942 _cBK
999 _c11515
_d11515